The road to nowhere (Record no. 118301)

MARC details
000 -LEADER
fixed length control field 00874cam a2200217 4500
001 - CONTROL NUMBER
control field ABS68465
008 - FIXED-LENGTH DATA ELEMENTS--GENERAL INFORMATION
fixed length control field 041115n2004 000 0 eng u
035 ## - SYSTEM CONTROL NUMBER
System control number (Sirsi) u127959
100 ## - MAIN ENTRY--PERSONAL NAME
Personal name Murdoch, S.
245 #4 - TITLE STATEMENT
Title The road to nowhere
260 ## - PUBLICATION, DISTRIBUTION, ETC.
Date of publication, distribution, etc. 2004
490 ## - SERIES STATEMENT
Series statement Estates Gazette
Volume/sequential designation (0445) 6 November 2004, 123(1)
520 ## - SUMMARY, ETC.
Summary, etc. Discusses "Jarvis Homes Ltd v Marshall" ([2004] 44 EG 154, Abs6781) which illustrates how restrictive covenants can limit development plans. Stresses how a covenant to use land as a private residence normally extends to land as well as buildings. Use by third parties either by legal right or by licence can amount to a breach.
590 ## - LOCAL NOTE (RLIN)
Local note ABS
590 ## - LOCAL NOTE (RLIN)
Local note ABS
650 ## - SUBJECT ADDED ENTRY--TOPICAL TERM
Topical term or geographic name entry element JARVIS HOMES LTD V MARSHALL AND ANOTHER
650 ## - SUBJECT ADDED ENTRY--TOPICAL TERM
Topical term or geographic name entry element RESTRICTIVE COVENANTS
650 ## - SUBJECT ADDED ENTRY--TOPICAL TERM
Topical term or geographic name entry element DEVELOPMENT
690 ## - LOCAL SUBJECT ADDED ENTRY--TOPICAL TERM (OCLC, RLIN)
Topical term or geographic name as entry element PROPERTY AND LAND LAW
942 ## - ADDED ENTRY ELEMENTS (KOHA)
Suppress in OPAC 0
Holdings
Withdrawn status Lost status Source of classification or shelving scheme Damaged status Not for loan Home library Current library Shelving location Date acquired Total Checkouts Full call number Barcode Date last seen Copy number Price effective from Koha item type
    Dewey Decimal Classification     London London Journal article 15/11/2004   ABS68465 127959-1001 06/08/2019 1 06/08/2019 Journal article